000 00643nam a2200217Ii 4500
003 JO-AjNU
008 230606s9999||||xx |||||||||||||| ||und||
020 _a978-0-8153-5093-4
040 _aJO-AjNU
_beng
_erda
_cJO-AjNU
041 _aeng
050 1 4 _aD16.14.B47 2020
100 3 _aBERGEN, TERESA,
_eauthor
_96156
245 0 0 _aTRANSCRIBING ORAL HISTORY
250 _a1ed
264 3 1 _aNew York and London:Routledge,2020
300 _a207p
336 _atext
_btxt
_2rdacontent
337 _aunmediated
_bn
_2rdamedia
338 _avolume
_bnc
_2rdacarrier
650 4 _aLCSH: Oral history --Methoddology - Oral history--Handbooks
_96157
999 _aE3195
_c3191
_d3191